| 000 | 00979nas a2200313 4500 | ||
|---|---|---|---|
| 001 | BR0002747 | ||
| 003 | BR-BrBNA | ||
| 005 | 20231205101857.0 | ||
| 007 | ta | ||
| 008 | 230509b bl.|||p| |||| 00| 00por d | ||
| 040 |
_aBR-BrBNA _bpor _cBiblioteca Nacional de Agricultura |
||
| 041 | _a(Pt) | ||
| 072 | _aL02 | ||
| 100 | 1 | _aFaria, D.E. de | |
| 100 | 1 | _aJunqueira, O.M. | |
| 100 | 1 | _aSakomura, N.K. | |
| 100 | 1 | _aSantana, A.E. | |
| 245 | 1 | _aInfluencia de diferentes niveis de energia, vitamina D3 e relacao sodio: cloro sobre o desempenho e a qualidade da casca dos ovos de poedeiras comerciais | |
| 650 | _aGalinha para Postura | ||
| 650 | _aCasca de Ovo | ||
| 650 | _aDieta | ||
| 650 | _aPerformance | ||
| 650 | _aVitamina D | ||
| 650 | _aSodio | ||
| 650 | _aCloro | ||
| 773 | 0 |
_tRevista Brasileira de Zootecnia (Brazil) _xISSN 1516-3598 _g(Mar-Apr 2000), v. 29(2) p. 467-475 _wBR0002747 |
|
| 909 |
_a202311 _bLúcia _c55 _dLúcia Elande |
||
| 942 |
_2AGRIS _n0 _cANA |
||
| 999 |
_c164468 _d164468 |
||